[Event "Pere Noel U1800"]
[Site "Montreal CAN"]
[Date "2022.12.28"]
[Round "3.29"]
[White "Tachijian, Mardig"]
[Black "Rauch, Damian"]
[Result "1-0"]
[WhiteElo "1515"]
[BlackElo "1432"]
[PlyCount "89"]
[EventDate "2022.12.27"]
[EventType "swiss"]
[EventRounds "5"]
[EventCountry "CAN"]

1. e4 e5 2. Nf3 Nf6 3. Nxe5 d6 4. Nf3 Nxe4 5. Nc3 Nf6 6. d4 d5 7. Bg5 Be7 8.
Bd3 Bg4 9. Qe2 Nbd7 10. O-O-O O-O 11. h3 Be6 12. Qd2 c6 13. Rhe1 b5 14. Qf4 a5
15. Qh4 h6 16. Rxe6 fxe6 17. Bxh6 gxh6 18. Qg3+ Ng4 19. Qxg4+ Bg5+ 20. Kb1 Qf6
21. h4 h5 22. Qxg5+ Qxg5 23. hxg5 Kg7 24. Ne2 Rae8 25. Rh1 e5 26. dxe5 Nxe5 27.
Nxe5 Rxe5 28. f4 Re3 29. Rh3 Ree8 30. Kc1 Rh8 31. f5 b4 32. b3 c5 33. f6+ Kf7
34. Nf4 Re5 35. Nxd5 Rxg5 36. Bc4 Ke6 37. Re3+ Kd6 38. f7 Re5 39. Rf3 Rf8 40.
Nf6 Kc7 41. Nh7 Rd8 42. f8=Q Re1+ 43. Kb2 Rdd1 44. Rf7+ Kc6 45. Qh6+ 1-0

[Event "Pere Noel U1800"]
[Site "Montreal CAN"]
[Date "2022.12.28"]
[Round "3.30"]
[White "Bardyn, Renaud"]
[Black "Luksza, Patrik"]
[Result "1-0"]
[WhiteElo "1684"]
[BlackElo "1366"]
[PlyCount "93"]
[EventDate "2022.12.27"]
[EventType "swiss"]
[EventRounds "5"]
[EventCountry "CAN"]

1. e4 c6 2. d4 d5 3. e5 Bf5 4. h4 h5 5. Ne2 e6 6. Ng3 Bg6 7. Bd3 c5 8. Bxg6
fxg6 9. c3 Ne7 10. Bg5 Qb6 11. Qc2 Nf5 12. O-O Nc6 13. Nxf5 gxf5 14. Be3 Be7
15. g3 O-O 16. dxc5 Bxc5 17. Bf4 Rfd8 18. b4 Be7 19. Qe2 g6 20. Nd2 Rac8 21. a3
d4 22. c4 a6 23. Qd3 Qc7 24. Rac1 Qb6 25. Nf3 Rd7 26. Rfe1 Kf7 27. Bg5 Bf8 28.
Bf6 Bh6 29. Bg5 Bg7 30. Bf4 Rcd8 31. Ng5+ Ke7 32. b5 axb5 33. cxb5 Na5 34. Bd2
Rd5 35. Bb4+ Kd7 36. a4 Rc8 37. Nf7 Rxc1 38. Rxc1 Bxe5 39. Qc2 Bc7 40. Bd2 e5
41. Bxa5 Qxa5 42. Qc4 Rd6 43. Nxe5+ Kc8 44. Qg8+ Rd8 45. Qe6+ Kb8 46. Nd7+ Ka7
47. Rxc7 1-0

[Event "Pere Noel U1800"]
[Site "Montreal CAN"]
[Date "2022.12.28"]
[Round "3.31"]
[White "Jodoin, Gabriel"]
[Black "Jutras, Arnaud"]
[Result "0-1"]
[WhiteElo "1380"]
[BlackElo "1545"]
[PlyCount "60"]
[EventDate "2022.12.27"]
[EventType "swiss"]
[EventRounds "5"]
[EventCountry "CAN"]

1. e4 c6 2. d4 d5 3. e5 c5 4. c3 Nc6 5. h3 e6 6. Nf3 Qb6 7. b3 cxd4 8. cxd4
Bb4+ 9. Bd2 Nxd4 10. Bxb4 Nxf3+ 11. Qxf3 Qxb4+ 12. Nd2 Bd7 13. Be2 Qd4 14. Rc1
Qxe5 15. O-O Nf6 16. Bd3 O-O 17. Rfe1 Qg5 18. Qe2 Rfc8 19. Nf3 Qf4 20. Ne5 Rxc1
21. Rxc1 Qxc1+ 22. Kh2 Rc8 23. g4 Qf4+ 24. Kg2 Bc6 25. h4 Ne4 26. Bxe4 Qxe4+
27. Qxe4 dxe4 28. Kg3 b5 29. g5 Bd5 30. a4 Rc3+ 0-1

[Event "Pere Noel U1800"]
[Site "Montreal CAN"]
[Date "2022.12.28"]
[Round "3.32"]
[White "Lau, Jonathan"]
[Black "Madanchi, Ata"]
[Result "0-1"]
[WhiteElo "1324"]
[BlackElo "1512"]
[PlyCount "44"]
[EventDate "2022.12.27"]
[EventType "swiss"]
[EventRounds "5"]
[EventCountry "CAN"]

1. d4 d5 2. Nf3 Nf6 3. c4 e6 4. Nc3 Bb4 5. Qa4+ Nc6 6. e3 Ne4 7. Qc2 Bxc3+ 8.
bxc3 O-O 9. Bd3 f5 10. cxd5 exd5 11. Rb1 Ng5 12. c4 Nxf3+ 13. gxf3 Re8 14. Kf1
f4 15. Bxh7+ Kh8 16. Bf5 fxe3 17. fxe3 Qf6 18. Bxc8 Qxf3+ 19. Kg1 Nxd4 20. Bg4
Qxg4+ 21. Qg2 Ne2+ 22. Kf1 Rf8+ 0-1

[Event "Pere Noel U1800"]
[Site "Montreal CAN"]
[Date "2022.12.28"]
[Round "3.34"]
[White "Tremblay, Xavier"]
[Black "Amari, Mathias"]
[Result "0-1"]
[WhiteElo "1213"]
[BlackElo "1404"]
[PlyCount "136"]
[EventDate "2022.12.27"]
[EventType "swiss"]
[EventRounds "5"]
[EventCountry "CAN"]

1. d4 f5 2. c4 Nf6 3. Nc3 e6 4. e3 Be7 5. Bd3 d6 6. Nge2 O-O 7. O-O a5 8. f3 e5
9. Qc2 Nh5 10. Bd2 g6 11. h3 Bh4 12. g4 Ng3 13. Nxg3 Bxg3 14. Kg2 Qh4 15. Ne2
fxg4 16. fxg4 Rxf1 17. Rxf1 Bxg4 18. hxg4 Qh2+ 19. Kf3 Bh4 20. Rg1 Qf2+ 21. Ke4
Nd7 22. dxe5 Nxe5 23. c5 Qf3+ 24. Kd4 Nc6+ 25. Kc3 a4 26. Bc4+ d5 27. Nd4 Bf6
28. Qd1 Bxd4+ 29. Kc2 Qxd1+ 30. Kxd1 dxc4 31. exd4 Nxd4 32. Rg3 b5 33. cxb6
cxb6 34. Re3 Rd8 35. Kc1 b5 36. Bc3 Nc6 37. Re6 Nd4 38. Re5 Rd7 39. Re4 Nc6 40.
Re6 Nd4 41. Re4 Nf3 42. Re3 Nh2 43. Re4 Kf7 44. Be5 Nf3 45. Rf4+ Ke6 46. Bc3
Ne5 47. Re4 Rd5 48. Kc2 Kd6 49. Bb4+ Kc6 50. a3 h5 51. g5 Kd7 52. Rf4 Ng4 53.
Bd2 Rd3 54. Rf7+ Ke6 55. Rg7 Kf5 56. Rf7+ Ke4 57. Rg7 Rd6 58. Rb7 Rd5 59. Rb6
Kf5 60. Rb8 Ne5 61. Rf8+ Kg4 62. Rf4+ Kg3 63. Rf6 h4 64. Bf4+ Kg4 65. Rf8 h3
66. Kc3 Nf3 67. Rf6 Nxg5 68. Bh2 Ne4+ 0-1

[Event "Pere Noel U1800"]
[Site "Montreal CAN"]
[Date "2022.12.28"]
[Round "3.35"]
[White "Hu, Richard"]
[Black "Presseau, Matteo"]
[Result "1-0"]
[WhiteElo "1201"]
[BlackElo "1460"]
[PlyCount "81"]
[EventDate "2022.12.27"]
[EventType "swiss"]
[EventRounds "5"]
[EventCountry "CAN"]

1. e4 c5 2. Nf3 Nc6 3. d4 cxd4 4. Nxd4 g6 5. Nc3 Bg7 6. Be3 a6 7. Be2 d6 8. O-O
Nf6 9. Qd2 Ng4 10. Bxg4 Bxg4 11. h3 Bd7 12. f4 Rc8 13. Nxc6 Bxc6 14. f5 O-O 15.
Bd4 f6 16. h4 b5 17. a3 a5 18. b4 axb4 19. axb4 gxf5 20. exf5 h5 21. Qe2 Qe8
22. Ra7 Bd7 23. Ne4 Rc4 24. c3 Kh7 25. Ng3 e5 26. fxe6 Bxe6 27. Nxh5 Rf7 28.
Rxf7 Qxf7 29. Nxg7 Kxg7 30. Rxf6 Qxf6 31. Bxf6+ Kxf6 32. Qf3+ Ke5 33. Qg3+ Kd5
34. h5 Rg4 35. Qd3+ Kc6 36. h6 Bd5 37. g3 Be4 38. Qe3 Kd5 39. Qd4+ Ke6 40. Kf1
Kf7 41. h7 1-0

[Event "Pere Noel U1800"]
[Site "Montreal CAN"]
[Date "2022.12.28"]
[Round "3.36"]
[White "Mourad, Michel"]
[Black "Raduica, Gheorghe"]
[Result "1-0"]
[WhiteElo "1384"]
[BlackElo "1412"]
[PlyCount "55"]
[EventDate "2022.12.27"]
[EventType "swiss"]
[EventRounds "5"]
[EventCountry "CAN"]

1. d4 d5 2. c4 e5 3. e3 Nc6 4. cxd5 Qxd5 5. Nc3 Bb4 6. Bd2 Bxc3 7. bxc3 exd4 8.
cxd4 Nf6 9. Qf3 Qe6 10. Bb5 Bd7 11. Ne2 a6 12. Ba4 O-O 13. O-O Qe4 14. Qxe4
Nxe4 15. Bb4 Nxb4 16. Bxd7 Rfd8 17. Bg4 Nd6 18. Rab1 a5 19. a3 Na6 20. Nc3 b6
21. Bf3 Ra7 22. Nd5 Nc4 23. Ne7+ Kf8 24. Nc6 Nd2 25. Nxd8 Nxf1 26. Kxf1 Nb8 27.
Nc6 Nxc6 28. Bxc6 1-0

[Event "Pere Noel U1800"]
[Site "Montreal CAN"]
[Date "2022.12.28"]
[Round "3.38"]
[White "Campeau, Eric"]
[Black "Rebhi, Mohamed"]
[Result "1-0"]
[WhiteElo "1411"]
[BlackElo "1424"]
[PlyCount "109"]
[EventDate "2022.12.27"]
[EventType "swiss"]
[EventRounds "5"]
[EventCountry "CAN"]

1. e4 d5 2. exd5 Nf6 3. c4 e6 4. dxe6 Bxe6 5. d4 Bb4+ 6. Bd2 Qe7 7. Bxb4 Qxb4+
8. Qd2 Qe7 9. Be2 Bxc4 10. Nf3 O-O 11. Nc3 Re8 12. Ne5 Bxe2 13. Nxe2 Nbd7 14.
O-O Nxe5 15. dxe5 Qxe5 16. Nc3 Rad8 17. Qc2 Qg5 18. Rad1 c6 19. Kh1 Ng4 20. h3
Rxd1 21. Nxd1 Nf6 22. Ne3 Qf4 23. Kg1 Qb4 24. Rd1 Qa5 25. a3 Rd8 26. b4 Rxd1+
27. Qxd1 Qc7 28. Qd4 a6 29. Nc4 b5 30. Na5 Nd7 31. Qe4 c5 32. Qe8+ Nf8 33. Nc6
g6 34. bxc5 a5 35. Nd8 b4 36. axb4 axb4 37. c6 b3 38. Nb7 b2 39. Qe4 Ne6 40.
Qb4 Qe5 41. Kf1 Nc7 42. Nd6 Qxd6 43. Qb8+ Kg7 44. Qxb2+ f6 45. Qc1 Qh2 46. Qd2
Qe5 47. Qd7+ Kh6 48. g3 Qe8 49. Qxc7 g5 50. Qd7 Qa8 51. Qb7 Qa1+ 52. Kg2 Qa2
53. c7 g4 54. hxg4 Kg5 55. c8=Q 1-0

[Event "Pere Noel U1800"]
[Site "Montreal CAN"]
[Date "2022.12.29"]
[Round "4.25"]
[White "Harper, Jonathan"]
[Black "Deboosere, Adam"]
[Result "0-1"]
[WhiteElo "1611"]
[BlackElo "1750"]
[PlyCount "56"]
[EventDate "2022.12.27"]
[EventType "swiss"]
[EventRounds "5"]
[EventCountry "CAN"]

1. e4 c5 2. Nf3 a6 3. d4 cxd4 4. Nxd4 Nf6 5. Nc3 e5 6. Nf5 d5 7. Ng3 d4 8. Nb1
h5 9. h4 Qa5+ 10. Bd2 Qb6 11. b3 Nc6 12. Be2 Bc5 13. Bd3 Bg4 14. Qc1 Rc8 15.
O-O Nb4 16. Na3 Qd8 17. Qb2 b5 18. Rac1 Qe7 19. Nb1 O-O 20. a3 Nxd3 21. cxd3
Nh7 22. Rxc5 Qxc5 23. Bb4 Qc2 24. Qxc2 Rxc2 25. Bxf8 Nxf8 26. f3 Be6 27. b4 Ba2
28. Nxh5 Rb2 0-1

[Event "Pere Noel U1800"]
[Site "Montreal CAN"]
[Date "2022.12.29"]
[Round "4.26"]
[White "Baran, Marius"]
[Black "Kozlov, Guennadi"]
[Result "1-0"]
[WhiteElo "1726"]
[BlackElo "1696"]
[PlyCount "127"]
[EventDate "2022.12.27"]
[EventType "swiss"]
[EventRounds "5"]
[EventCountry "CAN"]

1. d4 d5 2. Bf4 Nf6 3. e3 c6 4. Nd2 Bf5 5. Ngf3 e6 6. Bd3 Bg6 7. Ne5 Nbd7 8.
O-O Be7 9. Qe2 O-O 10. Nxg6 hxg6 11. h3 c5 12. c3 c4 13. Bc2 b5 14. Bh2 Nb6 15.
Nf3 Bd6 16. Ne5 Qc7 17. f4 a5 18. Qf3 a4 19. a3 Rac8 20. g4 Nbd7 21. g5 Bxe5
22. fxe5 Nh5 23. Qg4 Rce8 24. Rf2 Qd8 25. Raf1 Qe7 26. Rg2 Nb6 27. Qh4 Ra8 28.
Ra1 Ra7 29. Bd1 Rfa8 30. Bxh5 gxh5 31. Qxh5 g6 32. Qf3 Nd7 33. h4 Nf8 34. Bf4
Nh7 35. Kf2 Qf8 36. h5 Rc8 37. Rh2 Rcc7 38. Qg4 Qe8 39. Rh4 Rd7 40. Qg2 Rab7
41. Rah1 Ra7 42. Ra1 Rab7 43. Kf3 Ra7 44. Qc2 Rab7 45. Rah1 Ra7 46. hxg6 fxg6
47. Rh6 Rg7 48. Kg4 Rab7 49. e4 Ra7 50. Qg2 Qf7 51. Rf1 Qd7 52. Bd2 Nf8 53. Rf6
dxe4 54. Qxe4 Qe8 55. d5 Qd7 56. d6 Qb7 57. Qxb7 Raxb7 58. Be3 Nd7 59. Rxe6 Nf8
60. Re8 Kf7 61. Rxf8+ Kxf8 62. e6 Rg8 63. Bd4 Ke8 64. Bf6 1-0

[Event "Pere Noel U1800"]
[Site "Montreal CAN"]
[Date "2022.12.29"]
[Round "4.27"]
[White "Brassard, Sylvain"]
[Black "Tachijian, Mardig"]
[Result "0-1"]
[WhiteElo "1688"]
[BlackElo "1515"]
[PlyCount "90"]
[EventDate "2022.12.27"]
[EventType "swiss"]
[EventRounds "5"]
[EventCountry "CAN"]

1. d4 d5 2. Bf4 c5 3. e3 Nc6 4. c3 Nf6 5. Nf3 Qb6 6. Qb3 c4 7. Qc2 Bf5 8. Qc1
h6 9. h3 e6 10. Be2 Be7 11. O-O O-O 12. Bd1 Bd3 13. Re1 Rfc8 14. Bc2 Bxc2 15.
Qxc2 Qd8 16. Nbd2 b5 17. e4 a5 18. Ne5 Ra6 19. Nxc6 Raxc6 20. e5 Nh7 21. Be3 b4
22. f4 Rb8 23. Nf3 Qb6 24. Qc1 Qb5 25. Rb1 Rcb6 26. Nd2 Qa6 27. Qc2 Kh8 28. Rf1
f5 29. g4 Rf8 30. b3 bxc3 31. Qxc3 Bb4 32. Qc2 Bxd2 33. Bxd2 Rc6 34. b4 axb4
35. Bxb4 Ra8 36. a3 g6 37. Bc5 Nf8 38. gxf5 gxf5 39. Qg2 Nd7 40. Qf2 Rg8+ 41.
Kh2 Nxc5 42. Qh4 Kh7 43. dxc5 c3 44. Rb8 Rg7 45. Qd8 Qe2+ 0-1

[Event "Pere Noel U1800"]
[Site "Montreal CAN"]
[Date "2022.12.29"]
[Round "4.28"]
[White "Madanchi, Ata"]
[Black "Bardyn, Renaud"]
[Result "1-0"]
[WhiteElo "1512"]
[BlackElo "1684"]
[PlyCount "41"]
[EventDate "2022.12.27"]
[EventType "swiss"]
[EventRounds "5"]
[EventCountry "CAN"]

1. e4 e6 2. d4 d5 3. Nd2 Nf6 4. e5 Nfd7 5. Bd3 b6 6. Ne2 Ba6 7. Bxa6 Nxa6 8.
O-O c5 9. c3 cxd4 10. cxd4 Nb4 11. Nf4 Be7 12. Qg4 O-O 13. Nf3 Rc8 14. Nh5 g6
15. Bh6 f5 16. exf6 Nxf6 17. Qxe6+ Rf7 18. Ne5 Qe8 19. Nxf7 Qc6 20. Nd6+ Kh8
21. Bg7# 1-0

[Event "Pere Noel U1800"]
[Site "Montreal CAN"]
[Date "2022.12.29"]
[Round "4.29"]
[White "Jutras, Arnaud"]
[Black "Amari, Mathias"]
[Result "1-0"]
[WhiteElo "1545"]
[BlackElo "1404"]
[PlyCount "43"]
[EventDate "2022.12.27"]
[EventType "swiss"]
[EventRounds "5"]
[EventCountry "CAN"]

1. c4 f5 2. d4 Nf6 3. Nc3 e6 4. g3 Be7 5. Bg2 O-O 6. Nf3 d6 7. O-O Ne4 8. Qc2
Nxc3 9. bxc3 Qe8 10. e4 Qg6 11. e5 Nc6 12. Bf4 Qh5 13. d5 Nxe5 14. Nxe5 dxe5
15. Bxe5 Bd6 16. Bxd6 cxd6 17. dxe6 Bxe6 18. Bxb7 f4 19. Bxa8 f3 20. Qe4 Qh3
21. Qxe6+ Qxe6 22. Bd5 1-0

[Event "Pere Noel U1800"]
[Site "Montreal CAN"]
[Date "2022.12.29"]
[Round "4.30"]
[White "Sanders, Marcus"]
[Black "Sairam, Amuddan"]
[Result "0-1"]
[WhiteElo "1341"]
[BlackElo "1440"]
[PlyCount "58"]
[EventDate "2022.12.27"]
[EventType "swiss"]
[EventRounds "5"]
[EventCountry "CAN"]

1. d4 Nf6 2. Bf4 d5 3. e3 c5 4. c3 Nc6 5. Nd2 Bf5 6. Ngf3 Qb6 7. Qb3 c4 8. Qxb6
axb6 9. Be2 e6 10. O-O Be7 11. h3 b5 12. Ne5 h6 13. Nxc6 bxc6 14. Be5 O-O 15.
Bxf6 Bxf6 16. a3 Be7 17. Rac1 c5 18. Bd1 Bd3 19. Re1 b4 20. axb4 cxb4 21. Bc2
bxc3 22. bxc3 Ba3 23. Bxd3 Bxc1 24. Rxc1 cxd3 25. c4 Ra2 26. Rd1 dxc4 27. Nxc4
Rc8 28. Ne5 d2 29. Nd3 Rc3 0-1

[Event "Pere Noel U1800"]
[Site "Montreal CAN"]
[Date "2022.12.29"]
[Round "4.31"]
[White "Bedard, Michel"]
[Black "Hu, Richard"]
[Result "1/2-1/2"]
[WhiteElo "1651"]
[BlackElo "1201"]
[PlyCount "101"]
[EventDate "2022.12.27"]
[EventType "swiss"]
[EventRounds "5"]
[EventCountry "CAN"]

1. d4 Nf6 2. Nc3 e6 3. Bf4 Bb4 4. a3 Ba5 5. b4 Bb6 6. Na4 d5 7. e3 Bd7 8. Nxb6
axb6 9. Nf3 Ba4 10. Qc1 Nbd7 11. c4 c5 12. Qb2 Qc8 13. Ne5 cxd4 14. Nxd7 Qxd7
15. Qxd4 Qd8 16. Bg5 O-O 17. cxd5 exd5 18. Be2 Qd6 19. Bxf6 gxf6 20. O-O Rfe8
21. Bd3 Re5 22. h4 Kh8 23. Qf4 Rg8 24. Rac1 Bd7 25. Qh6 Rg7 26. Rfd1 b5 27. Rc5
b6 28. Rc2 Re8 29. Rdc1 d4 30. Qf4 Qe6 31. f3 Qxe3+ 32. Qxe3 Rxe3 33. Be4 Rxa3
34. Rd1 f5 35. Bd5 d3 36. Rcd2 Be6 37. Rxd3 Ra4 38. Rb1 Bxd5 39. Rxd5 Ra2 40.
Rd8+ Rg8 41. Rxg8+ Kxg8 42. Rd1 Rb2 43. Rd4 Kg7 44. Kh2 f6 45. Kg3 Kg6 46. Kh3
h5 47. Kg3 Re2 48. Kh3 Rb2 49. Rf4 Rc2 50. g4 hxg4+ 51. fxg4 1/2-1/2

[Event "Pere Noel U1800"]
[Site "Montreal CAN"]
[Date "2022.12.29"]
[Round "4.32"]
[White "Rauch, Damian"]
[Black "Mourad, Michel"]
[Result "1-0"]
[WhiteElo "1432"]
[BlackElo "1384"]
[PlyCount "127"]
[EventDate "2022.12.27"]
[EventType "swiss"]
[EventRounds "5"]
[EventCountry "CAN"]

1. e4 e5 2. Nc3 Nf6 3. f4 d6 4. Nf3 exf4 5. d4 Bg4 6. Bxf4 Nh5 7. Be3 Nd7 8. h3
Bxf3 9. Qxf3 Nhf6 10. Bc4 c6 11. g4 Nb6 12. Bb3 d5 13. g5 dxe4 14. Nxe4 Nfd5
15. Rf1 Qe7 16. O-O-O O-O-O 17. Bd2 Rd7 18. Nc5 Rc7 19. Rde1 Qd8 20. c4 Ne7 21.
Qxf7 Ng6 22. Qf5+ Kb8 23. Ne6 Qd7 24. Nxc7 Qxf5 25. Rxf5 Kxc7 26. Rf7+ Nd7 27.
c5 Kd8 28. Be6 Be7 29. Bxd7 Kxd7 30. Rxg7 Ke8 31. Bc3 Kf8 32. d5 Bxg5+ 33. Kb1
Be7 34. Rgxe7 Nxe7 35. Bxh8 Nxd5 36. Be5 Kf7 37. Rd1 Ne3 38. Rd7+ Ke6 39. Rxh7
Kxe5 40. Rxb7 Kd5 41. Rxa7 Kxc5 42. h4 Nf5 43. Ra5+ Kd4 44. Rxf5 c5 45. h5 Ke4
46. Rxc5 Kd4 47. h6 Kxc5 48. h7 Kd5 49. h8=Q Ke4 50. Kc2 Kd5 51. Kd3 Ke6 52.
Ke4 Kd6 53. Qh6+ Kc5 54. Qe3+ Kd6 55. Qd4+ Kc6 56. Ke5 Kb5 57. a4+ Ka5 58. Kd5
Ka6 59. Qc4+ Kb6 60. Qc6+ Ka7 61. Kd6 Kb8 62. Qd7 Ka8 63. Kc6 Kb8 64. Qb7# 1-0

[Event "Pere Noel U1800"]
[Site "Montreal CAN"]
[Date "2022.12.29"]
[Round "4.33"]
[White "Bergeron, Jean-Guy"]
[Black "Guillemette, Thomas"]
[Result "0-1"]
[WhiteElo "1507"]
[BlackElo "1374"]
[PlyCount "62"]
[EventDate "2022.12.27"]
[EventType "swiss"]
[EventRounds "5"]
[EventCountry "CAN"]

1. c4 c5 2. Nf3 d6 3. d4 cxd4 4. Nxd4 Nf6 5. Nc3 g6 6. e4 Bg7 7. Be2 O-O 8. O-O
Nc6 9. Be3 a6 10. Qd2 Re8 11. f4 Bg4 12. Bf3 Bxf3 13. Rxf3 Ng4 14. Nxc6 bxc6
15. f5 Ne5 16. fxg6 Nxf3+ 17. gxf3 hxg6 18. f4 e6 19. Qf2 d5 20. cxd5 exd5 21.
Rd1 Bxc3 22. bxc3 Rxe4 23. Bd4 Qe7 24. h4 Re8 25. Be5 Rxe5 26. fxe5 Qxe5 27.
Rf1 Qe3 28. Kg2 Qxf2+ 29. Rxf2 Kg7 30. Kf3 Re4 31. Rh2 Rc4 0-1

[Event "Pere Noel U1800"]
[Site "Montreal CAN"]
[Date "2022.12.27"]
[Round "4.35"]
[White "Jodoin, Gabriel"]
[Black "Lau, Jonathan"]
[Result "1/2-1/2"]
[WhiteElo "1380"]
[BlackElo "1324"]
[PlyCount "70"]
[EventDate "2022.12.27"]
[EventType "swiss"]
[EventRounds "5"]
[EventCountry "CAN"]

1. c4 c6 2. d4 d5 3. e3 Nf6 4. Nc3 Bf5 5. Qb3 Qd7 6. Nf3 dxc4 7. Bxc4 e6 8. O-O
Be7 9. Re1 b5 10. Be2 O-O 11. Nh4 Bg6 12. Nxg6 hxg6 13. Bf3 Nd5 14. e4 Nxc3 15.
bxc3 Na6 16. Be3 Nc7 17. c4 bxc4 18. Qxc4 e5 19. Rac1 exd4 20. Red1 Qe6 21.
Bxd4 Qxc4 22. Rxc4 Ne6 23. e5 Nxd4 24. Rdxd4 Rfc8 25. Bxc6 Rab8 26. Be4 Rxc4
27. Rxc4 Rb2 28. Ra4 Bc5 29. Kf1 Rxf2+ 30. Ke1 Rb2 31. Bd5 Rb4 32. Rxb4 Bxb4+
33. Ke2 Bc3 34. e6 fxe6 35. Bxe6+ Kf8 1/2-1/2

[Event "Pere Noel U1800"]
[Site "Montreal CAN"]
[Date "2022.12.29"]
[Round "4.36"]
[White "Luksza, Patrik"]
[Black "Tremblay, Xavier"]
[Result "1-0"]
[WhiteElo "1366"]
[BlackElo "1213"]
[PlyCount "57"]
[EventDate "2022.12.27"]
[EventType "swiss"]
[EventRounds "5"]
[EventCountry "CAN"]

1. e4 e5 2. Nf3 Nc6 3. d4 exd4 4. Nxd4 Nf6 5. Nc3 Bb4 6. Nxc6 Bxc3+ 7. bxc3
dxc6 8. Qxd8+ Kxd8 9. Bg5 h6 10. Bxf6+ gxf6 11. O-O-O+ Ke7 12. Bc4 a5 13. a4
Bd7 14. Bxf7 Rad8 15. Bb3 b5 16. Rd3 Be6 17. Rhd1 Rxd3 18. Rxd3 Rg8 19. g3 Rg5
20. f4 Rc5 21. Kd2 Bxb3 22. cxb3 bxa4 23. bxa4 Rc4 24. Rd4 Rc5 25. Kd3 Rh5 26.
h4 Rc5 27. Rc4 Rxc4 28. Kxc4 Kd6 29. g4 1-0

[Event "Pere Noel U1800"]
[Site "Montreal CAN"]
[Date "2022.12.29"]
[Round "4.37"]
[White "Raduica, Gheorghe"]
[Black "Rebhi, Mohamed"]
[Result "1/2-1/2"]
[WhiteElo "1412"]
[BlackElo "1424"]
[PlyCount "89"]
[EventDate "2022.12.27"]
[EventType "swiss"]
[EventRounds "5"]
[EventCountry "CAN"]

1. e4 e5 2. Nf3 Nc6 3. Bb5 d6 4. d4 exd4 5. Qxd4 Bd7 6. Qc4 Qf6 7. Nc3 Nge7 8.
Bg5 Qe6 9. O-O-O Qxc4 10. Bxc4 f6 11. Be3 O-O-O 12. Nd5 Kb8 13. a3 Nxd5 14.
exd5 Ne5 15. Nxe5 fxe5 16. f3 Be7 17. Rd3 Bf6 18. Rb3 b6 19. Bb5 h6 20. h4 Bxb5
21. Rxb5 g5 22. h5 Rde8 23. Rb4 Bg7 24. Re4 Rhf8 25. Kd2 Kb7 26. Rc1 c5 27.
dxc6+ Kxc6 28. Rc4+ Kd7 29. c3 Rc8 30. Ra4 Rc7 31. Rb4 Rfc8 32. Kd3 d5 33. Rd1
Ke6 34. Bf2 Rc4 35. Rxc4 Rxc4 36. b3 e4+ 37. fxe4 Rxc3+ 38. Ke2 dxe4 39. Rb1
Kf5 40. a4 Kg4 41. b4 Kxh5 42. a5 bxa5 43. bxa5 Ra3 44. Rb7 Rxa5 45. Rxa7 {...}
1/2-1/2

[Event "Pere Noel U1800"]
[Site "Montreal CAN"]
[Date "2022.12.30"]
[Round "5.25"]
[White "Deboosere, Adam"]
[Black "Baran, Marius"]
[Result "1/2-1/2"]
[WhiteElo "1750"]
[BlackElo "1726"]
[PlyCount "104"]
[EventDate "2022.12.27"]
[EventType "swiss"]
[EventRounds "5"]
[EventCountry "CAN"]

1. a3 e5 2. c3 Nf6 3. d4 exd4 4. cxd4 d5 5. Bg5 Be7 6. Nc3 c6 7. e3 Bf5 8. Bd3
Bxd3 9. Qxd3 Nbd7 10. Nge2 h6 11. Bh4 O-O 12. O-O Ne4 13. Bxe7 Qxe7 14. Nxe4
dxe4 15. Qb3 Nb6 16. Nf4 Kh7 17. Rac1 Rad8 18. Rc5 g5 19. Re5 Qd7 20. Nh5 f5
21. f4 Qf7 22. Qxf7+ Rxf7 23. fxg5 Rdf8 24. g6+ Kxg6 25. Nf4+ Kh7 26. Rc1 Nd7
27. Ra5 a6 28. d5 cxd5 29. Rxd5 Nf6 30. Rxf5 Ng4 31. Rxf7+ Rxf7 32. Nd5 Rd7 33.
Rd1 Kg7 34. h3 Nf6 35. Nc3 Rxd1+ 36. Nxd1 Ne8 37. Kf2 Kf6 38. Kg3 Ke5 39. Kh4
Nf6 40. g4 b5 41. g5 hxg5+ 42. Kxg5 Nh7+ 43. Kg6 Nf8+ 44. Kh6 Kf5 45. Nc3 Nd7
46. Kh5 Ne5 47. Kh4 Nc4 48. Nd1 a5 49. Kg3 b4 50. axb4 axb4 51. h4 Nd2 52. Kh3
Nc4 1/2-1/2

[Event "Pere Noel U1800"]
[Site "Montreal CAN"]
[Date "2022.12.30"]
[Round "5.26"]
[White "Tachijian, Mardig"]
[Black "Harper, Jonathan"]
[Result "0-1"]
[WhiteElo "1515"]
[BlackElo "1611"]
[PlyCount "100"]
[EventDate "2022.12.27"]
[EventType "swiss"]
[EventRounds "5"]
[EventCountry "CAN"]

1. e4 e6 2. d4 d5 3. Bd3 c5 4. exd5 exd5 5. c3 Nf6 6. Ne2 c4 7. Bc2 Bd6 8. h3
O-O 9. Be3 Nc6 10. Nd2 Bd7 11. Nf3 Re8 12. Qd2 Ne4 13. Bxe4 dxe4 14. Nh2 b5 15.
O-O a5 16. Rfe1 f5 17. Nf1 b4 18. Bf4 Bxf4 19. Nxf4 g5 20. Nh5 f4 21. d5 Ne5
22. Qd4 Bf5 23. Kh1 Bg6 24. Nd2 Bxh5 25. Rxe4 Qf6 26. Nxc4 Nd7 27. Qxf6 Nxf6
28. Rd4 bxc3 29. bxc3 Bf7 30. Rad1 Red8 31. Ne5 Rac8 32. c4 Nd7 33. Nc6 Re8 34.
Na7 Rc5 35. Nb5 Nb6 36. Nd6 Re7 37. Rb1 Nd7 38. Rb7 Bg6 39. f3 Re1+ 40. Kh2 Nf6
41. Rb8+ Kg7 42. Nb7 Rc7 43. g4 Nxd5 44. Rxd5 Rxc4 45. Rd2 Rb4 46. h4 Reb1 47.
h5 Bf7 48. Ra8 Rxb7 49. Rxa5 R1b2 50. Rxg5+ Kh6 0-1

[Event "Pere Noel U1800"]
[Site "Montreal CAN"]
[Date "2022.12.30"]
[Round "5.27"]
[White "Sairam, Amuddan"]
[Black "Jutras, Arnaud"]
[Result "0-1"]
[WhiteElo "1440"]
[BlackElo "1545"]
[PlyCount "74"]
[EventDate "2022.12.27"]
[EventType "swiss"]
[EventRounds "5"]
[EventCountry "CAN"]

1. e4 c6 2. Nc3 d5 3. Nf3 Bg4 4. Be2 e6 5. d4 Bb4 6. e5 c5 7. O-O Nc6 8. Nb5
cxd4 9. Nbxd4 Nge7 10. h3 Bxf3 11. Nxf3 Ng6 12. Bb5 O-O 13. c3 Bc5 14. b4 Bb6
15. Bxc6 bxc6 16. Re1 a5 17. Be3 axb4 18. cxb4 Bxe3 19. Rxe3 Qb6 20. Rb3 Ra4
21. a3 Rfa8 22. h4 c5 23. bxc5 Qxc5 24. h5 Nf8 25. Qd3 Nd7 26. Ng5 Nf8 27. Qc3
Rc4 28. Qe3 d4 29. Qe4 Rc1+ 30. Kh2 Rxa1 31. Qxa8 Qxe5+ 32. Rg3 Qe1 33. Rf3
Qe5+ 34. Rg3 d3 35. h6 d2 36. Nxh7 d1=Q 37. Qxf8+ Kxh7 0-1

[Event "Pere Noel U1800"]
[Site "Montreal CAN"]
[Date "2022.12.30"]
[Round "5.28"]
[White "Guillemette, Thomas"]
[Black "Madanchi, Ata"]
[Result "0-1"]
[WhiteElo "1374"]
[BlackElo "1512"]
[PlyCount "96"]
[EventDate "2022.12.27"]
[EventType "swiss"]
[EventRounds "5"]
[EventCountry "CAN"]

1. e4 e5 2. Nf3 Nc6 3. Bc4 Bc5 4. c3 d6 5. d3 Nf6 6. a4 a6 7. O-O Ba7 8. h3 h6
9. Re1 O-O 10. Nbd2 Be6 11. Bxe6 fxe6 12. Qb3 Qd7 13. Nf1 Nh5 14. Be3 Nf4 15.
Bxa7 Rxa7 16. d4 Nxh3+ 17. gxh3 Rxf3 18. dxe5 Nxe5 19. Re3 Qf7 20. Rxf3 Nxf3+
21. Kg2 Nh4+ 22. Kg1 Ra8 23. c4 Rf8 24. Qg3 Qh5 25. Ra3 Rf6 26. Ne3 Nf3+ 27.
Kh1 Qa5 28. Nc2 Qh5 29. b4 Ne5 30. Rc3 Rg6 31. Qe3 Qh4 32. Qe2 Rf6 33. Kg2 Ng6
34. Kf1 h5 35. Rf3 Nf4 36. Qe3 Qg5 37. Rg3 Qe5 38. Qd4 Ng6 39. Qxe5 Nxe5 40.
Ne3 Rf4 41. Rg5 Rxe4 42. Rxh5 Nxc4 43. Ke2 Nxe3 44. fxe3 Rxb4 45. a5 Rb5 46.
Rxb5 axb5 47. Kd3 Kf7 48. Kd4 c5+ 0-1

[Event "Pere Noel U1800"]
[Site "Montreal CAN"]
[Date "2022.12.30"]
[Round "5.29"]
[White "Bardyn, Renaud"]
[Black "Rauch, Damian"]
[Result "0-1"]
[WhiteElo "1684"]
[BlackElo "1432"]
[PlyCount "76"]
[EventDate "2022.12.27"]
[EventType "swiss"]
[EventRounds "5"]
[EventCountry "CAN"]

1. e4 e5 2. Nf3 Nf6 3. Nxe5 d6 4. Nf3 Nxe4 5. d4 d5 6. Bd3 Bd6 7. c4 c6 8. c5
Bc7 9. h3 O-O 10. O-O h6 11. Nc3 Bf5 12. Ne2 Nd7 13. Bf4 Bxf4 14. Nxf4 Re8 15.
Qc2 Qc7 16. Ne2 Re7 17. Nh4 Bh7 18. f4 f5 19. Nf3 Kh8 20. b4 Rg8 21. Bxe4 fxe4
22. Ne5 Nxe5 23. fxe5 Ree8 24. Qd2 Rgf8 25. Ng3 Qe7 26. Rf4 Rxf4 27. Qxf4 Rf8
28. Qg4 Rf7 29. Rf1 Rxf1+ 30. Nxf1 Bg8 31. Ne3 Be6 32. Qg6 Bd7 33. Qd6 Qg5 34.
Qxd7 Qxe3+ 35. Kh2 Qf4+ 36. Kh1 e3 37. Qe8+ Kh7 38. Qh5 Qf2 0-1